000 00953cab a2200325 4500
001 ABS48812
008 090401t1993 xxu||||| |||| 00| 0 eng d
035 _a(Sirsi) u68628
041 _aeng
100 1 _aDiamond, P.
245 _aSunday trading revisited
260 _c1993
350 _a0
490 _aSolicitors` Journal
_v137(24) 25 June 1993, 604-605(2)
520 _aArgues that local authorities should enforce Sunday trading laws.
650 _aEC TREATY
650 _aENFORCEMENT
650 _aEUROPEAN COURT
650 _aHADLEY V TEXAS HOMECARE LTD
650 _aKIRKLEES MBC V WICKES BUILDING SUPPLIES LTD
650 _aSHOPS ACT 1950
650 0 _aSTOKE-ON-TRENT CC AND NORWICH CC V B AND Q PLC
650 _aSUNDAY TRADING
650 _aTORFAEN BC V B&Q PLC
690 _aPROPERTY-COMMERCIAL PROPERTY-RETAIL PROPERTY
690 _aECONOMIC AND SOCIAL
690 _aLAW
942 _n0
948 _c04/03/1997
999 _c43057
_d43057